000 00335nam a2200145Ia 4500
008 220928s9999 xx 000 0 und d
020 _a9788181420732
082 _bNOR
100 _aNORONHA, P.A.
245 0 _aINDUSTRIAL RELATIONS AND LABOUR LAWS
260 _bSCDL, PUNE
_c2013
300 _a354
650 _aLaw
942 _cBK
999 _c208522
_d208522